| 000 | 00590nam a22001937a 4500 | ||
|---|---|---|---|
| 005 | 20180904105617.0 | ||
| 010 | _aENG-123926 | ||
| 020 | _c150.00 | ||
| 035 | _aEN-107458 | ||
| 037 | _bDBAD/PUB | ||
| 082 | _a158.1 | ||
| 100 | _aChattopadhyay, Partha | ||
| 245 |
_aRemedy for despair / _cby Partha Chattopadhyay; tr. by Amal Kumar Deka |
||
| 260 |
_c2012 _bBina Library _aGuwahati (Assam) |
||
| 270 |
_aBina Library, college Hostel Road, _bGuwahati (Assam) _e781001 |
||
| 300 |
_c20cm.(pbk.) _a224p. |
||
| 700 | _aDeka, Amal Kumar | ||
| 942 |
_cEN _2ddc _mCHA _h158.1 |
||
| 999 |
_c156769 _d156769 |
||